=LDR 00000nam 2200000 4500 =001 INLIS000000000017562 =005 20200603093443 =035 ##$$a 0010-061300000017562 =008 200603################g##########0#ind## =041 ##$$a Ind =082 ##$$a 2x4.1 =090 ##$$a 2x4.1, Ans w =100 1#$$a Anshori, M.S =245 1#$$a Wasiat wasiat dan tuntunan Rasulullah SAW : $b (Hikmah dan filsafat ibadah di dalam Islam ) /$c M.S.Anshori =260 ##$$a Yogyakarta :$b Absolut,$c 2002. =300 ##$$a viii, 140 hlm, ; $c 19 X 12 cm. =650 #4$$a Ibadah =850 ##$$a NBPNMAT =084 ##$$a 2x4.1 ANS w =250 ##$$a cet.1 =990 ##$$a 20602488 =990 ##$$a 20602489 =990 ##$$a 20602490 =990 ##$$a 20602491